| 000 | 00859 aa a2200229 4500 | ||
|---|---|---|---|
| 008 | 081020t xxu||||| |||| 00| 0 eng d | ||
| 010 | _aENG-84116 | ||
| 020 | _a8176298867 | ||
| 020 | _c750.00 (hb) | ||
| 035 | _aEN-67649 | ||
| 082 | _a334.2 | ||
| 245 |
_aRural credit and cooperative development / _cedited by S B Verma, Gopal Prasad Sah and Shashi Chandra Pathak |
||
| 260 |
_aNew Delhi _bDeep and Deep Publications |
||
| 260 | _c2006 | ||
| 300 |
_axvii,350p _c22cm |
||
| 500 | _aIncludes bibliographical references and index | ||
| 700 |
_aPathak, Shashi Chandra _ced |
||
| 700 |
_aSah, Gopal Prasad _ced |
||
| 700 |
_aVerma, S B _ced |
||
| 942 |
_2ddc _cEN _h334.2 _m RUR |
||
| 999 |
_c17082 _d17082 |
||